Top 30 erfolgreichste Animationsfilme in Deutschland - Statistiken

Allgemein
  • Dieses Quiz wurde 78 mal gespielt
  • Das Durchschnittsergebnis liegt bei 20 aus 30
Antwortstatistiken
Bildquiz Hint Antwort % Korrekt
11.899.914 (1994) Der König der Löwen
98%
27.293.363 (1968) Das Dschungelbuch
95%
8.839.999 (2003) Findet Nemo
89%
7.299.318 (2002) Ice Age
88%
8.387.279 (1956) Susi und Strolch
88%
6.302.869 (1992) Aladdin
86%
8.709.881 (2009) Ice Age 3 – Die Dinosaurier sind los
85%
6.956.797 (2015) Minions
82%
5.659.377 (1999) Tarzan
82%
4.831.006 (1961) 101 Dalmatiner
80%
5.181.419 (1992) Die Schöne und das Biest
80%
6.048.000 (1974) Robin Hood
80%
8.747.671 (2006) Ice Age 2 – Jetzt taut’s
79%
6.700.208 (2012) Ice Age 4 – Voll verschoben
79%
4.772.930 (2013) Die Eiskönigin – Völlig unverfroren
74%
4.951.385 (1996) Werner – Das muß kesseln!!!
70%
6.786.235 (2019) Die Eiskönigin II
68%
5.660.105 (2019) Der König der Löwen
64%
9.695.427 (1971) Aristocats
56%
5.829.804 (2024) Alles steht Kopf 2
53%
6.116.361 (2007) Ratatouille
53%
5.322.586 (2004) Shrek 2 – Der tollkühne Held kehrt zurück
53%
6.720.790 (2005) Madagascar
48%
5.011.443 (1981) Cap und Capper
47%
6.070.690 (2008) Madagascar 2
41%
7.437.635 (1970) Asterix und Kleopatra
38%
10.329.500 (1977) Bernard und Bianca – Die Mäusepolizei
35%
7.198.628 (1976) Asterix erobert Rom
32%
6.241.501 (1971) Asterix der Gallier
27%
5.324.088 (2023) Der Super Mario Bros. Film
21%
Keine übereinstimmenden Quizze gefunden
Verteilung der Resultate
Anzahl Personen mit jedem Resultat
Perzentil nach korrekt beantworteten Fragen
Ihre Resultats-Entwicklung
Sie haben dieses Quiz noch nicht gespielt